Statistics for Counties of England By First Two Letters in 60 Seconds

Click here to take the quiz!

General Stats

  • This quiz has been taken 107 times
  • The average score is 32 of 48

Answers on the Map

Answers color-coded by a green-red scale on the quiz's map according to % correct below.
 

Answer Stats

County% Correct
Norfolk
91%
Northamptonshire
91%
Northumberland
91%
North Yorkshire
91%
Nottinghamshire
91%
Cornwall
88%
Derbyshire
88%
Devon
88%
Somerset
86%
South Yorkshire
86%
Lincolnshire
84%
West Midlands
84%
West Sussex
84%
West Yorkshire
84%
East Riding of
Yorkshire
81%
East Sussex
81%
Suffolk
77%
Surrey
77%
Cumbria
72%
Dorset
70%
Herefordshire
67%
Hertfordshire
67%
Kent
67%
Lancashire
67%
Hampshire
65%
Bedfordshire
63%
Berkshire
63%
Cambridgeshire
63%
Merseyside
60%
Buckinghamshire
58%
Durham
58%
Isle of Wight
58%
Essex
56%
Wiltshire
56%
Cheshire
53%
Greater London
53%
Greater Manchester
53%
Shropshire
53%
Worcestershire
53%
Leicestershire
51%
Oxfordshire
49%
Gloucestershire
44%
Staffordshire
42%
Tyne and Wear
42%
Warwickshire
42%
City of Bristol
33%
City of London
33%
Rutland
30%

Score Distribution

Percentile by Number Answered

Percent of People with Each Score

Your Score History

You have not taken this quiz